<?xml version="1.0" encoding="UTF-8"?>
<marc:record xmlns:marc="http://www.loc.gov/MARC21/slim">
   <marc:leader>00000nam a2200000 a 4500</marc:leader>
   <marc:datafield ind1="1" ind2=" " tag="100">
      <marc:subfield code="a">Singer, Claire</marc:subfield>
   </marc:datafield>
   <marc:datafield ind1=" " ind2=" " tag="653">
      <marc:subfield code="a">Hexe</marc:subfield>
   </marc:datafield>
   <marc:datafield ind1=" " ind2=" " tag="653">
      <marc:subfield code="a">Geschichte</marc:subfield>
   </marc:datafield>
   <marc:datafield ind1=" " ind2=" " tag="653">
      <marc:subfield code="a">Bildband</marc:subfield>
   </marc:datafield>
   <marc:datafield ind1=" " ind2=" " tag="653">
      <marc:subfield code="a">Hexenglaube</marc:subfield>
   </marc:datafield>
   <marc:datafield ind1="0" ind2="0" tag="245">
      <marc:subfield code="a">Das grosse Buch der Hexen</marc:subfield>
   </marc:datafield>
   <marc:datafield ind1="0" ind2="0" tag="245">
      <marc:subfield code="b">die Geschichte eines Mythos vom Paradies bis heute</marc:subfield>
   </marc:datafield>
   <marc:datafield ind1="0" ind2="0" tag="245">
      <marc:subfield code="c">Claire Singer</marc:subfield>
   </marc:datafield>
   <marc:datafield ind1=" " ind2="1" tag="264">
      <marc:subfield code="a">Wien</marc:subfield>
      <marc:subfield code="b">Tosa</marc:subfield>
      <marc:subfield code="c">2000</marc:subfield>
   </marc:datafield>
   <marc:datafield ind1="1" ind2=" " tag="520">
      <marc:subfield code="a">Großformatige, illustrierte Geschichte des Hexenglaubens aus feministischer Sicht, die seinen Ursprung in der Naturverbundenheit, der Verehrung des Weiblichen und den magischen Praktiken der Eiszeit sieht. In den Kulten der Kelten, Germanen, des Alten Orients und der Antike seien die seherisch-heilkundigen Fähigkeiten von Frauen noch geschätzt worden, bis sie dann von der christlichen Kirche dämonisiert wurden. Erst als mit der Aufklärung die Hexenverfolgung aufhörte, tritt der Hexenglaube in Kulten wie dem Satanismus wieder hervor und ist nach der Neubewertung des Weiblichen durch die Emanzipations- und Ökologiebewegungen heute im Wicca-Kult in angelsächsischen Ländern verbreitet. Anschauliche, übersichtliche Darstellung, die mit den grafischen Mitteln modernen Sachbuchdesigns arbeitet und attraktives Bildmaterial mit relativ viel Text arrangiert.</marc:subfield>
   </marc:datafield>
   <marc:datafield ind1=" " ind2=" " tag="020">
      <marc:subfield code="a">3854920652</marc:subfield>
      <marc:subfield code="9">3854920652</marc:subfield>
   </marc:datafield>
   <marc:datafield ind1=" " ind2=" " tag="300">
      <marc:subfield code="a">127 S. : zahlr. Ill. : 29 cm</marc:subfield>
   </marc:datafield>
</marc:record>
